000 01815cam a2200289 4500500
005 20260111085351.0
041 _afre
042 _adc
100 1 0 _aNicolet, Valérie
_eauthor
245 0 0 _aRencontrer l’autre. La position des Galates dans les discussions avec Paul
260 _c2022.
500 _a66
520 _aDans cette contribution, Valérie Nicolet revient sur quelques aspects de l’Épître aux Galates en prenant deux choses au sérieux : le fait que Paul se présente comme apôtre des nations, et la position des Galates au sein de l’empire romain. Elle inclut aussi une réflexion sur les rapports entre Juifs et non-Juifs dans l’Antiquité pour mieux comprendre pourquoi la position des Galates, critiquée par Paul, pouvait faire sens dans le contexte de ces communautés.
520 _aThis article discusses a few elements of the epistle to the Galatians and keeps two things in mind in its interpretation : the fact that Paul presents himself as apostle to the nations, and the position of the Galatians inside the Roman empire. It also includes an analysis of the relationships between Jews and non-Jews in Antiquity in order to better understand why the Galatians’ position, severely criticized by Paul, could actually make sense in the context of these communities.
690 _aempire romain
690 _aGalates
690 _aJuifs et non-Juifs
690 _aPaul
690 _auniversalisme
690 _aGalatians
690 _aJews and non-Jews
690 _aPaul
690 _aRoman Empire
690 _auniversalism
786 0 _nÉtudes théologiques et religieuses | 97 | 4 | 2022-12-09 | p. 433-445 | 0014-2239
856 4 1 _uhttps://shs.cairn.info/revue-etudes-theologiques-et-religieuses-2022-4-page-433?lang=fr&redirect-ssocas=7080
999 _c1618060
_d1618060